[Event "Titled Tue 24th Jun Late"]
[Site "chess.com INT"]
[Date "2025.06.24"]
[Round "4"]
[White "Kourkoulos-Arditis, Stamatis"]
[Black "Niemann, Hans Moke"]
[Result "1/2-1/2"]
[WhiteTitle "GM"]
[BlackTitle "GM"]
[WhiteElo "2580"]
[BlackElo "2736"]
[WhiteFideId "4221990"]
[BlackFideId "2093596"]
[EventDate "2025.06.24"]

1. Nf3 d5 2. e3 Nf6 3. c4 e6 4. Nc3 b6 5. cxd5 exd5 6. b3 Bd6 7. Bb2 O-O 8. g3
Re8 9. Bg2 Ba6 10. Ne2 c5 11. O-O Nbd7 12. d4 c4 13. bxc4 Bxc4 14. Nd2 Ba6 15.
Re1 Bb4 16. Nc3 Bxc3 17. Bxc3 Nf8 18. Qb3 Ne6 19. a4 Qd7 20. a5 Rab8 21. axb6
Rxb6 22. Qa3 Rc8 23. Rec1 h6 24. Nf3 Ne4 25. Ne5 Qb7 26. Be1 Rxc1 27. Rxc1 Rb1
28. Bxe4 Rxc1 29. Qxc1 dxe4 30. Qc6 Qb5 31. Qxb5 Bxb5 32. Ba5 f6 33. Ng6 Kf7 34.
Nf4 Ng5 35. Kg2 Nf3 36. h4 g5 37. hxg5 fxg5 38. Nd5 Bc6 39. Nc3 Ke6 40. g4 Ne1+
41. Kg3 Nd3 42. Bd8 Nb4 43. Ba5 Nd3 44. Bc7 Nb2 45. Bd8 Nc4 46. f3 Nd6 47. fxe4
Nxe4+ 48. Nxe4 Bxe4 49. Ba5 Kf6 50. Bb4 a6 51. Kf2 Kg6 52. Kg3 Bd5 53. Ba5 h5
54. gxh5+ Kxh5 55. Bb4 Kg6 56. Ba5 Kf5 57. Bd8 Bc6 58. Kh3 Bd7 59. Kg3 g4 60. d5
Ke5 61. e4 Kxe4 62. d6 Kd5 63. Bc7 Kc5 64. Kf4 Kb5 65. Ke3 a5 66. Bd8 a4 67. Kd2
a3 68. Kc1 Bf5 69. Bh4 Kc6 70. d7 Kxd7 71. Bf2 Kc6 72. Be1 Kb5 73. Bf2 Kc4 74.
Bg3 Kd3 75. Be5 Ke2 76. Bd6 a2 77. Kb2 Be6 78. Ka1 Kf3 79. Bc7 Bd5 80. Bd6 Ke3
81. Bc7 Kd3 82. Bb8 Ke3 83. Bg3 Kf3 84. Bc7 Be6 85. Bd6 Bf7 86. Bc7 Bc4 87. Bd6
Ke4 88. Bc7 Kd5 89. Bb8 Kc6 90. Bg3 Kd5 91. Bh2 Ke4 92. Bg3 Bd5 93. Bb8 Kf3 94.
Bc7 g3 95. Bxg3 Kxg3 96. Kb2 Kf4 97. Ka1 Ke4 98. Kb2 Kd4 99. Ka1 Kc3 1/2-1/2

[Event "Titled Tue 24th Jun Late"]
[Site "chess.com INT"]
[Date "2025.06.24"]
[Round "4"]
[White "Salinas Herrera, Pablo"]
[Black "Ghimoyan, Narek"]
[Result "1/2-1/2"]
[WhiteTitle "GM"]
[BlackTitle "CM"]
[WhiteElo "2447"]
[BlackElo "2273"]
[WhiteFideId "3407128"]
[BlackFideId "13315412"]
[EventDate "2025.06.24"]

1. d4 Nf6 2. Nf3 d5 3. Bf4 c5 4. e3 Nc6 5. Nbd2 Bg4 6. c3 e6 7. Qa4 Bxf3 8. Nxf3
a6 9. Rd1 Qc8 10. Be2 Be7 11. O-O O-O 12. Qc2 h6 13. Qb1 b5 14. dxc5 Bxc5 15.
Bd3 Be7 16. Nd4 b4 17. Nxc6 Qxc6 18. cxb4 Bxb4 19. Rc1 Qb6 20. Bc7 Qb7 21. Be5
Ne8 22. e4 Bd6 23. Bc3 Nc7 24. Rfd1 Rfd8 25. exd5 Nxd5 26. Be4 Bf8 27. Bd2 Rac8
28. Rxc8 Rxc8 29. Bxd5 exd5 30. Bc3 Bb4 31. Bxb4 Qxb4 32. Rxd5 Qe4 33. Rd1 Qxb1
34. Rxb1 Rc2 35. a4 a5 36. g3 Kh7 37. h4 Kg6 38. Kg2 h5 39. b3 f6 40. Kf3 Kf5
41. Re1 Rb2 42. Re3 g5 43. Rc3 gxh4 44. gxh4 Kg6 45. Kg3 Kh6 46. f3 Kg6 47. Kf4
Rb1 48. Kg3 Rb2 49. Kh3 Rb1 50. Rd3 Rb2 51. Kg3 Rb1 52. Rd5 Rxb3 53. Rxa5 Ra3
54. Ra8 Kf5 55. Ra5+ Kg6 56. Kf4 Ra1 57. Ra8 Rh1 58. Kg3 Rg1+ 59. Kh2 Ra1 60.
Kg2 Kf5 61. Kg3 Rg1+ 62. Kf2 Ra1 63. Kg3 Rg1+ 64. Kh2 Ra1 65. Ra6 Kg6 66. Kg3
Kf5 67. Ra5+ Kg6 68. Kf4 Rh1 69. Kg3 Rg1+ 70. Kf2 Ra1 71. Ra6 Rh1 72. Kg3 Rg1+
73. Kh2 Ra1 74. a5 Kf5 75. Kg2 Ra2+ 76. Kg3 Ra1 77. Ra8 Rg1+ 78. Kf2 Ra1 79. a6
Kf4 80. Ke2 f5 81. a7 Ra2+ 82. Kd3 Kxf3 83. Kc4 f4 84. Kb3 Ra1 85. Kb2 Ra6 86.
Kb3 Kf2 87. Rf8 Rxa7 88. Rxf4+ Kg3 89. Re4 Rf7 90. Kc3 Rf4 91. Rxf4 Kxf4 92. Kd3
Kg4 93. Ke2 Kg3 94. Kf1 Kh2 95. Kf2 Kh3 96. Kg1 Kg3 97. Kh1 Kf2 98. Kh2 Kf3 99.
Kh3 Kf4 100. Kh2 Kf3 101. Kh1 Ke2 102. Kg1 Ke3 103. Kh1 Kf4 104. Kg1 Kg4 105.
Kh2 Kxh4 106. Kh1 Kg4 107. Kg1 h4 108. Kh1 h3 109. Kg1 Kh4 110. Kh1 Kg3 111. Kg1
h2+ 112. Kh1 Kh3 1/2-1/2

[Event "Titled Tue 24th Jun Late"]
[Site "chess.com INT"]
[Date "2025.06.24"]
[Round "4"]
[White "Nihal, Sarin"]
[Black "Grahn, Vidar"]
[Result "1/2-1/2"]
[WhiteTitle "GM"]
[BlackTitle "FM"]
[WhiteElo "2696"]
[BlackElo "2239"]
[WhiteFideId "25092340"]
[BlackFideId "1744780"]
[EventDate "2025.06.24"]

1. d4 d5 2. Nf3 Nf6 3. Bg5 Ne4 4. Bh4 g6 5. e3 Bg7 6. Nbd2 O-O 7. Bd3 Nxd2 8.
Qxd2 c5 9. c3 Qc7 10. Bg3 Qb6 11. h4 h5 12. O-O-O Nc6 13. Kb1 c4 14. Bc2 Bg4 15.
Rde1 Qa5 16. Ng5 b5 17. e4 Nxd4 18. f3 Bd7 19. Bd1 dxe4 20. fxe4 Rad8 21. Rhf1
Ne6 22. a3 Bc6 23. Qe3 Nxg5 24. Qxg5 Qb6 25. e5 Bxg2 26. Rg1 Bh3 27. Bxh5 Bf5+
28. Ka1 b4 29. cxb4 c3 30. bxc3 Rd3 31. Rc1 Qa6 32. Kb2 Rfd8 33. Rg2 Qc4 34. Qf4
Qd5 35. Rf2 Be6 36. c4 Qd4+ 37. Qxd4 R8xd4 38. Bf4 gxh5 39. Bg5 Bxe5 40. Kb1
Rb3+ 41. Kc2 Rxa3 42. Rg1 Rxc4+ 43. Kd2 Rg4 44. Rxg4 hxg4 45. Re2 Ra2+ 46. Kd3
Rxe2 47. Kxe2 g3 48. Be3 Bd5 49. Bxa7 g2 50. Bg1 Bd6 51. b5 Bc4+ 52. Kf3 Bxb5
53. Kxg2 Bc6+ 54. Kh3 Kh7 55. Bd4 Kg6 56. Be3 Kh5 57. Bd2 Bd7+ 58. Kg2 f5 59.
Bg5 e5 60. Kf3 e4+ 61. Ke3 Bg3 62. Kd4 Bxh4 63. Bc1 Bg3 64. Kd5 Kg4 65. Bb2 f4
66. Kxe4 Bc6+ 67. Kd3 f3 68. Bd4 Kh3 69. Ke3 Kg2 70. Kd2 f2 71. Bxf2 Bxf2 72.
Kd3 Bb6 73. Ke2 Kg3 74. Kd2 Kf3 75. Kd3 Bd5 76. Kd2 Bc4 77. Kc3 Ba6 78. Kd2 Ke4
79. Kc3 Ke3 80. Kc2 Ba5 81. Kb3 Bb5 82. Kc2 Ba4+ 83. Kb2 Bb4 84. Kc1 Kd3 85. Kb1
Kc3 86. Kc1 Ba3+ 87. Kb1 Bc2+ 88. Ka1 Bb2+ 89. Ka2 Bb3+ 90. Kb1 Ba3 91. Ka1 Ba4
92. Ka2 Bc1 93. Kb1 Bd2 94. Ka2 Bb3+ 95. Kb1 Bc2+ 96. Ka2 Bb3+ 97. Kb1 Bd5 98.
Ka1 Be4 99. Ka2 Bc1 100. Ka1 Bb2+ 101. Ka2 Bf5 1/2-1/2

[Event "Titled Tue 24th Jun Late"]
[Site "chess.com INT"]
[Date "2025.06.24"]
[Round "4"]
[White "Kodihalli, Kaustubh"]
[Black "Mkrtchyan, Mariam"]
[Result "1/2-1/2"]
[BlackTitle "WIM"]
[WhiteElo "2038"]
[BlackElo "2307"]
[WhiteFideId "30956455"]
[BlackFideId "13310828"]
[EventDate "2025.06.24"]

1. e4 c6 2. d4 d5 3. e5 Bf5 4. h4 h5 5. c4 e6 6. Nc3 Ne7 7. Nge2 Nd7 8. Ng3 Bg6
9. Bg5 Qb6 10. Qd2 f6 11. exf6 gxf6 12. Be3 O-O-O 13. cxd5 Nxd5 14. Nxd5 exd5
15. O-O-O Bb4 16. Qe2 Rhe8 17. a3 Bf8 18. Qd2 Bxa3 19. Be2 Bb4 20. Qc2 Bxc2 21.
Kxc2 Bd6 22. Nf5 Bc7 23. Bxh5 Rh8 24. Bg4 Kb8 25. h5 Qb4 26. Rd3 Nb6 27. Rb3 Qa4
28. Bd1 Nc4 29. Kb1 Qa6 30. Bc1 Rd7 31. h6 c5 32. dxc5 Qc6 33. Rc3 Be5 34. Rch3
Qxc5 35. f4 Bd4 36. Rd3 Bf2 37. g4 d4 38. Rh2 Be3 39. Nxe3 Nxe3 40. Bxe3 Qc4 41.
Bc2 Rhd8 42. Bc1 Rh8 43. g5 fxg5 44. fxg5 Qe6 45. Rg3 d3 46. Bxd3 Rxd3 47. Rxd3
Qf5 48. Rd2 Rd8 49. Kc2 Rc8+ 50. Kd1 Qxg5 51. Rc2 Qg1+ 52. Kd2 Rg8 53. Rdc3 Qh2+
54. Kd3 Qh3+ 55. Kc4 Qd7 56. Kb3 Rh8 57. Ka2 a6 58. Rc7 Qe6+ 59. Kb1 Rxh6 60.
Bxh6 Qxh6 61. Rc8+ Ka7 62. R8c3 Qh1+ 63. Rc1 Qd5 64. Ka1 Qf5 65. Ka2 Qa5+ 66.
Kb1 Qe5 67. Rc5 Qe4+ 68. R5c2 a5 69. Ka2 Ka6 70. Rc8 b6 71. R8c4 Qd5 72. Ka1 Kb5
73. R4c3 Ka6 74. Kb1 a4 75. Rc4 Ka5 76. Rc8 b5 77. R8c5 Qe4+ 78. Ka1 Kb4 79.
R5c3 Qe5 80. Ra3 Ka5 81. Kb1 Qd4 82. Rac3 Qe4+ 83. Ka1 Kb4 84. Ra3 Qe2 85. Rac3
Qd2 86. R3c2 Qd3 87. Rc3 Qd4 88. Kb1 Ka5 89. Ka1 Qe4 90. Ka2 Kb6 91. Rc8 Ka5 92.
R8c5 Qe6+ 93. Ka1 Qf6 94. Rd5 a3 95. Rd2 Ka4 96. Kb1 axb2 97. Rxb2 b4 98. Rc4
Qf1+ 99. Rc1 Qd3+ 100. Ka1 Kb5 101. Ka2 Qd5+ 102. Ka1 Qd4 103. Kb1 Ka4 104. Ka1
Qd3 105. Ka2 Qa3+ 106. Kb1 Qd3+ 107. Ka2 b3+ 108. Ka1 Ka3 109. Rxb3+ Qxb3 110.
Rc2 Qb4 111. Ra2+ Kb3 112. Rb2+ Ka3 113. Rxb4 Kxb4 1/2-1/2

[Event "Titled Tue 24th Jun Late"]
[Site "chess.com INT"]
[Date "2025.06.24"]
[Round "4"]
[White "Ratkovic, Miloje"]
[Black "Kovalenko, Igor"]
[Result "1/2-1/2"]
[WhiteTitle "GM"]
[BlackTitle "GM"]
[WhiteElo "2489"]
[BlackElo "2676"]
[WhiteFideId "914517"]
[BlackFideId "14117908"]
[EventDate "2025.06.24"]

1. d4 Nf6 2. c4 e6 3. g3 Bb4+ 4. Nd2 c5 5. Nf3 cxd4 6. Nxd4 Nc6 7. Nc2 Be7 8.
Bg2 d6 9. O-O Qc7 10. e4 b6 11. b3 Bb7 12. Bb2 h5 13. h3 g5 14. Ne3 Rg8 15. Rc1
Ne5 16. Qe2 g4 17. hxg4 hxg4 18. Rfd1 Rg5 19. b4 a5 20. Bxe5 dxe5 21. c5 axb4
22. Qb5+ Kf8 23. cxb6 Qb8 24. Rc7 Bd6 25. Ndc4 Bxc7 26. Qc5+ Bd6 27. Nxd6 Kg7
28. Qc7 Qxc7 29. bxc7 Bc8 30. Nec4 Ra7 31. Nxc8 Rxc7 32. N8d6 Ra7 33. Rb1 Rxa2
34. Rxb4 Ra7 35. Rb5 Nd7 36. Bf1 Kf6 37. Kg2 Rg8 38. Nb6 Nxb6 39. Rxb6 Rd8 40.
Nc4 Rd4 41. Rb5 Rxe4 42. Bd3 Re1 43. Ne3 e4 44. Nxg4+ Ke7 45. Bf1 Raa1 46. Ne3
f5 47. Rb6 Rac1 48. Rb5 Kf6 49. Rb6 Ke7 50. Rb5 Kd6 51. Rb6+ Rc6 52. Rb5 Ra1 53.
Rb3 Ke7 54. Rb7+ Kf6 55. Rb2 Rd6 56. Be2 Rc6 57. Nc4 Ra4 58. Ne3 Ra3 59. Bb5 Rb6
60. Nc4 Raa6 61. Bxa6 Rxa6 62. Rb6 Ra4 63. Ne3 Kf7 64. Rc6 Rd4 65. Nc4 Kf6 66.
Kf1 Rd1+ 67. Ke2 Ra1 68. Nd2 Ra2 69. Rc5 Kf7 70. Ke3 Kf6 71. Nc4 Rc2 72. Rc6
Rc3+ 73. Kd2 Rb3 74. Nb6 Rd3+ 75. Ke2 Kf7 76. Rc5 Rb3 77. Nc4 Kf6 78. Ne5 Rb2+
79. Ke1 Rb3 80. Nc4 Rc3 81. Kd2 Rd3+ 82. Ke2 Rc3 83. Rc6 Rc2+ 84. Ke1 Rc3 85.
Na5 Ra3 86. Rc5 Ra1+ 87. Kd2 Ra2+ 88. Kd1 Rxf2 89. Rc3 Rg2 90. Nc4 Kg5 91. Ke1
Ra2 92. Kf1 Ra1+ 93. Kf2 Ra2+ 94. Kg1 Kg4 95. Ne3+ Kh3 96. Nf1 Rg2+ 97. Kh1 Rf2
98. Kg1 Rg2+ 99. Kh1 Ra2 100. Kg1 e5 101. Re3 Rg2+ 102. Kh1 Rf2 103. Kg1 Rg2+
104. Kh1 Rb2 105. Kg1 Ra2 106. Rc3 Kg4 107. Rb3 f4 108. gxf4 exf4 109. Rb4 Kf3
110. Nh2+ Kg3 111. Nf1+ Kf3 112. Nh2+ Kg3 113. Nf1+ Kf3 1/2-1/2

[Event "Titled Tue 24th Jun Late"]
[Site "chess.com INT"]
[Date "2025.06.24"]
[Round "5"]
[White "Nakara Husain"]
[Black "Bucci, Andrea"]
[Result "1-0"]
[WhiteElo "1713"]
[BlackElo "1526"]
[WhiteFideId "25636111"]
[BlackFideId "28546890"]
[EventDate "2025.06.24"]

1. e4 d6 2. d4 Nf6 3. Bd3 e5 4. c3 c6 5. Ne2 Nbd7 6. O-O Be7 7. Kh1 O-O 8. f4
exd4 9. cxd4 Qc7 10. e5 Ne8 11. Nbc3 g6 12. Be3 Ng7 13. Rc1 Nb6 14. Qe1 Bf5 15.
Be4 d5 16. Nxd5 Nxd5 17. Bxd5 Qa5 18. Qxa5 1-0

[Event "Titled Tue 24th Jun Late"]
[Site "chess.com INT"]
[Date "2025.06.24"]
[Round "5"]
[White "Sagalchik, Gennadij"]
[Black "Unver, Cumayi"]
[Result "1-0"]
[WhiteTitle "GM"]
[WhiteElo "2434"]
[BlackElo "2012"]
[WhiteFideId "2007916"]
[BlackFideId "6304940"]
[EventDate "2025.06.24"]

1. d4 d5 2. c4 c6 3. Nc3 Nf6 4. e3 Bf5 5. cxd5 cxd5 6. Qb3 Bc8 7. Nf3 Nc6 8. Bd3
e6 9. O-O Bd6 10. e4 dxe4 11. Nxe4 Nxe4 12. Bxe4 Qb6 13. Qd3 h6 14. a3 Bd7 15.
Be3 Qd8 16. d5 exd5 17. Qxd5 Be6 18. Qb5 Qb6 19. Bxb6 1-0

[Event "Titled Tue 24th Jun Late"]
[Site "chess.com INT"]
[Date "2025.06.24"]
[Round "5"]
[White "Yatskar, Martin"]
[Black "Radil, Casper"]
[Result "1-0"]
[WhiteTitle "CM"]
[BlackTitle "CM"]
[WhiteElo "2225"]
[BlackElo "2206"]
[WhiteFideId "34109676"]
[BlackFideId "1410164"]
[EventDate "2025.06.24"]

1. d4 Nf6 2. c4 e6 3. Nc3 d5 4. cxd5 exd5 5. Bg5 Nbd7 6. e3 c6 7. Bd3 Be7 8. Qc2
Nf8 9. O-O-O Ne6 10. Bh4 b5 11. Nf3 a5 12. e4 dxe4 13. Nxe4 Nxe4 14. Bxe4 Bxh4
15. Bxc6+ Bd7 16. d5 Rc8 17. dxe6 fxe6 18. Bxd7+ Qxd7 19. Rxd7 Rxc2+ 20. Kxc2
Kxd7 21. Nxh4 Kd6 22. Kd3 Ke5 23. Nf3+ Kf6 24. Rc1 Rd8+ 25. Ke3 b4 26. b3 a4 27.
bxa4 Ra8 28. Rc2 Rxa4 29. Nd4 Ra3+ 30. Nb3 e5 31. Kd3 Ra8 32. Kc4 Rd8 33. Kxb4
Rd3 34. a4 Rd1 35. a5 1-0

[Event "Titled Tue 24th Jun Late"]
[Site "chess.com INT"]
[Date "2025.06.24"]
[Round "5"]
[White "Gorbenko, Rustem"]
[Black "Kucza, Karol"]
[Result "0-1"]
[WhiteTitle "CM"]
[BlackTitle "FM"]
[WhiteElo "2201"]
[BlackElo "2316"]
[WhiteFideId "14111438"]
[BlackFideId "1159755"]
[EventDate "2025.06.24"]

1. d4 d5 2. c4 e6 3. Nc3 c6 4. e4 dxe4 5. Nxe4 Bb4+ 6. Bd2 Qxd4 7. Bxb4 Qxe4+ 8.
Ne2 Na6 9. Bf8 Ne7 10. Bxg7 Nb4 11. Bxh8 e5 12. f3 Nc2+ 13. Kd2 Qe3+ 14. Kxc2
Bf5+ 15. Qd3 Qxd3+ 16. Kc1 Qc2# 0-1

[Event "Titled Tue 24th Jun Late"]
[Site "chess.com INT"]
[Date "2025.06.24"]
[Round "5"]
[White "Chigaev, Maksim"]
[Black "Puzyrevsky, Semyon"]
[Result "1-0"]
[WhiteTitle "GM"]
[BlackTitle "FM"]
[WhiteElo "2635"]
[BlackElo "2292"]
[WhiteFideId "4108116"]
[BlackFideId "24240931"]
[EventDate "2025.06.24"]

1. Nf3 Nf6 2. c4 e6 3. g3 b6 4. Bg2 Bb7 5. O-O c5 6. Re1 d5 7. cxd5 Nxd5 8. d4
Nd7 9. e4 N5f6 10. d5 e5 11. Nc3 a6 12. a4 Bd6 13. Nd2 O-O 14. Nc4 Qc7 15. b3
Ne8 16. Bb2 f6 17. Rc1 Be7 18. Bh3 Nd6 19. Bxd7 Qxd7 20. Nxb6 Qh3 21. Nxa8 Rxa8
22. Ba3 Rc8 23. Qf3 c4 24. bxc4 Rxc4 25. Ne2 Rxa4 26. Rc7 Nf5 27. Qxf5 Qxf5 28.
exf5 Bxa3 29. Rxb7 Re4 1-0

[Event "Titled Tue 24th Jun Late"]
[Site "chess.com INT"]
[Date "2025.06.24"]
[Round "5"]
[White "Mitrabha, Guha"]
[Black "Craciun, Sasha-Matei"]
[Result "1-0"]
[WhiteTitle "GM"]
[BlackTitle "FM"]
[WhiteElo "2515"]
[BlackElo "2320"]
[WhiteFideId "5057000"]
[BlackFideId "1281186"]
[EventDate "2025.06.24"]

1. Nf3 d5 2. c4 e6 3. g3 Nf6 4. Bg2 Be7 5. O-O O-O 6. d4 c6 7. Nc3 a5 8. Ne5
Nfd7 9. cxd5 cxd5 10. Nf3 Nc6 11. Bf4 Nf6 12. Nb5 Nh5 13. Bd2 Bd7 14. a4 Nb4 15.
Ne5 Bxb5 16. axb5 Nf6 17. e3 Qb6 18. Qa4 Rfc8 19. Rfc1 Qd8 20. Bf1 Nd7 21. Rxc8
Qxc8 22. Nxd7 Qxd7 23. Bxb4 1-0

[Event "Titled Tue 24th Jun Late"]
[Site "chess.com INT"]
[Date "2025.06.24"]
[Round "5"]
[White "Hoeffer, David"]
[Black "Skramstad, Oda Kofoed"]
[Result "0-1"]
[WhiteTitle "FM"]
[BlackTitle "WCM"]
[WhiteElo "2295"]
[BlackElo "1898"]
[WhiteFideId "24606766"]
[BlackFideId "1564862"]
[EventDate "2025.06.24"]

1. e4 e5 2. Nf3 Nc6 3. d4 exd4 4. Bc4 Nf6 5. e5 d5 6. Bb5 Ne4 7. Nxd4 Bd7 8.
Bxc6 bxc6 9. f3 Qh4+ 10. g3 Nxg3 11. Bg5 Qxg5 12. hxg3 Qxg3+ 13. Kf1 Bh3+ 14.
Ke2 Qg2+ 15. Kd3 c5 16. Nb5 Bf5+ 17. Kc3 d4+ 18. Kb3 Be6+ 19. Ka4 Bd7 20. c4 Qg6
21. Na3 a6 22. Kb3 axb5 23. Rc1 bxc4+ 24. Nxc4 Ba4+ 0-1

[Event "Titled Tue 24th Jun Late"]
[Site "chess.com INT"]
[Date "2025.06.24"]
[Round "5"]
[White "Smieszek, Wojciech"]
[Black "Amaya, Brayan Angel"]
[Result "1-0"]
[WhiteTitle "CM"]
[WhiteElo "2141"]
[BlackElo "1903"]
[WhiteFideId "1156047"]
[BlackFideId "39909646"]
[EventDate "2025.06.24"]

1. e4 c6 2. d4 d5 3. f3 e6 4. Nc3 Nf6 5. Bg5 h6 6. Bxf6 Qxf6 7. e5 Qd8 8. f4 Bb4
9. Nf3 c5 10. a3 cxd4 11. axb4 dxc3 12. bxc3 O-O 13. Bd3 Qc7 14. Qd2 a6 15. O-O
Bd7 16. Kh1 Nc6 17. Nd4 f6 18. exf6 Rxf6 19. Nxc6 Qxc6 20. b5 Qd6 21. bxa6 bxa6
22. c4 a5 23. Rxa5 Rxa5 24. Qxa5 dxc4 25. Bxc4 Rxf4 26. Rxf4 Qxf4 27. Qd8+ 1-0

[Event "Titled Tue 24th Jun Late"]
[Site "chess.com INT"]
[Date "2025.06.24"]
[Round "5"]
[White "Hobson, Kenneth"]
[Black "Mayaud, Raphael"]
[Result "1-0"]
[WhiteTitle "FM"]
[BlackTitle "CM"]
[WhiteElo "2361"]
[BlackElo "2126"]
[WhiteFideId "480819"]
[BlackFideId "627151"]
[EventDate "2025.06.24"]

1. e4 c6 2. d4 d5 3. f3 e6 4. Bd3 dxe4 5. fxe4 Qxd4 6. Nf3 Qb6 7. Nbd2 Bc5 8.
Nc4 Qd8 9. Bg5 f6 10. Bh4 Ne7 11. e5 Ng6 12. Bg3 f5 13. Nd6+ Bxd6 14. exd6 O-O
15. h4 f4 16. Bf2 Qxd6 17. h5 Ne5 18. Bxh7+ Kxh7 19. Qxd6 Nxf3+ 20. gxf3 Rf5 21.
h6 g5 22. Qe7+ 1-0

[Event "Titled Tue 24th Jun Late"]
[Site "chess.com INT"]
[Date "2025.06.24"]
[Round "5"]
[White "Lyakh, Vasiliy"]
[Black "Suarez, Pedro"]
[Result "1-0"]
[BlackTitle "CM"]
[WhiteElo "2123"]
[BlackElo "2066"]
[WhiteFideId "14189828"]
[BlackFideId "3007642"]
[EventDate "2025.06.24"]

1. d4 Nf6 2. c4 g6 3. Nc3 Bg7 4. e4 d6 5. Nf3 O-O 6. Be2 e5 7. d5 a5 8. Be3 Nbd7
9. Nd2 Nc5 10. g4 h5 11. g5 Ne8 12. Qc2 c6 13. O-O-O cxd5 14. cxd5 Bd7 15. Kb1
Rb8 16. Nc4 Qc7 17. Na3 Qd8 18. h4 Nc7 19. Nc4 Qe7 20. Bxc5 dxc5 21. d6 Qe6 22.
dxc7 Rbc8 23. Rd6 1-0

[Event "Titled Tue 24th Jun Late"]
[Site "chess.com INT"]
[Date "2025.06.24"]
[Round "5"]
[White "Slovineanu, Viacheslav"]
[Black "Vila Dupla, Aurelio"]
[Result "1-0"]
[WhiteTitle "IM"]
[BlackTitle "FM"]
[WhiteElo "2412"]
[BlackElo "2056"]
[WhiteFideId "13900510"]
[BlackFideId "2203383"]
[EventDate "2025.06.24"]

1. d4 Nf6 2. Nf3 g6 3. Nbd2 d5 4. e3 Bg7 5. b4 O-O 6. c4 b6 7. Bb2 c5 8. dxc5
bxc5 9. b5 a6 10. a4 Re8 11. Be2 Nbd7 12. O-O e5 13. cxd5 Nxd5 14. e4 N5b6 15.
a5 axb5 16. Bxb5 Ba6 17. Bxa6 Rxa6 18. axb6 Rxb6 19. Bc3 Qc7 20. Ba5 1-0

[Event "Titled Tue 24th Jun Late"]
[Site "chess.com INT"]
[Date "2025.06.24"]
[Round "5"]
[White "Zhukovskyi, Oleksandr"]
[Black "Beyer, Lorenz"]
[Result "1-0"]
[WhiteTitle "CM"]
[BlackTitle "CM"]
[WhiteElo "2145"]
[BlackElo "2226"]
[WhiteFideId "14169371"]
[BlackFideId "16245393"]
[EventDate "2025.06.24"]

1. e4 e6 2. d4 d5 3. Nc3 dxe4 4. Nxe4 Nd7 5. Bd3 Ngf6 6. Nf3 Nxe4 7. Bxe4 Nf6 8.
Bd3 Be7 9. Bf4 O-O 10. Qe2 b6 11. O-O-O Bb7 12. Ne5 Qd5 13. Kb1 g6 14. Bh6 Rfd8
15. f3 Bd6 16. Bg5 Be7 17. Bxf6 Bxf6 18. Be4 1-0

[Event "Titled Tue 24th Jun Late"]
[Site "chess.com INT"]
[Date "2025.06.24"]
[Round "5"]
[White "Papasimakopoulos, Alexandros"]
[Black "Raptis, Nick"]
[Result "0-1"]
[WhiteTitle "IM"]
[BlackTitle "FM"]
[WhiteElo "2366"]
[BlackElo "2220"]
[WhiteFideId "4244125"]
[BlackFideId "2016850"]
[EventDate "2025.06.24"]

1. d4 Nf6 2. c4 g6 3. Nc3 Bg7 4. Nf3 O-O 5. Bg5 d6 6. e3 Nc6 7. Be2 Bf5 8. Nd2
e5 9. d5 Ne7 10. e4 Bd7 11. O-O Ne8 12. f3 f5 13. b4 f4 14. c5 Bf6 15. Bxf6 Rxf6
16. Nc4 g5 17. a4 Rg6 18. h3 h5 19. Ra3 Nf6 20. cxd6 cxd6 21. Nxd6 Qb6+ 22. Kh1
Qxd6 23. Nb5 Bxb5 24. axb5 g4 25. Qa1 gxh3 26. gxh3 Qd7 27. Rf2 Qxh3+ 28. Rh2
Qg3 29. Rxa7 Rxa7 30. Qxa7 Qe1+ 31. Bf1 Qxf1+ 32. Qg1 Qxg1# 0-1

[Event "Titled Tue 24th Jun Late"]
[Site "chess.com INT"]
[Date "2025.06.24"]
[Round "5"]
[White "Zieba, Hubert"]
[Black "Radionov, Timur"]
[Result "1-0"]
[WhiteTitle "CM"]
[BlackTitle "FM"]
[WhiteElo "2233"]
[BlackElo "2200"]
[WhiteFideId "21844704"]
[BlackFideId "34178772"]
[EventDate "2025.06.24"]

1. d4 d5 2. c4 e6 3. Nf3 c6 4. g3 dxc4 5. Bg2 b5 6. O-O Bb7 7. Ne5 Nf6 8. b3
cxb3 9. Qxb3 a6 10. Bb2 Be7 11. Rc1 Nd5 12. Nd2 O-O 13. Ne4 Nd7 14. Nxd7 Qxd7
15. h4 Rfc8 16. Nc5 Bxc5 17. dxc5 Re8 18. Rd1 Qe7 19. Rac1 Rad8 20. Be5 f6 21.
Bd6 Qf7 22. e4 Ne7 23. Bh3 Nc8 24. Bb8 e5 25. Rxd8 1-0

[Event "Titled Tue 24th Jun Late"]
[Site "chess.com INT"]
[Date "2025.06.24"]
[Round "5"]
[White "Spyropoulos, Nikolaos"]
[Black "Nihal, Sarin"]
[Result "1/2-1/2"]
[WhiteTitle "IM"]
[BlackTitle "GM"]
[WhiteElo "2400"]
[BlackElo "2696"]
[WhiteFideId "4298977"]
[BlackFideId "25092340"]
[EventDate "2025.06.24"]

1. e4 g6 2. d4 Bg7 3. Nc3 d6 4. Be3 Nc6 5. Nf3 Bg4 6. Bb5 a6 7. Bxc6+ bxc6 8. h3
Bxf3 9. Qxf3 e6 10. Rd1 Ne7 11. O-O O-O 12. Qe2 f5 13. exf5 Nxf5 14. Ne4 Qd7 15.
Ng3 Rae8 16. Qxa6 Ra8 17. Qc4 d5 18. Qd3 Rxa2 19. Nxf5 exf5 20. Bf4 Rxb2 21.
Rfe1 Rb4 22. c3 Rc4 23. Be5 c5 24. Bxg7 Qxg7 25. Re5 c6 26. Rde1 cxd4 27. cxd4
Qa7 28. Rd1 f4 29. Re6 f3 30. Qe3 Qf7 31. Ra1 fxg2 32. Re7 Qf4 33. Qxf4 Rxf4 34.
Ra8+ Rf8 35. Raa7 Rf5 36. Ra8+ Rf8 37. Raa7 Rb8 38. Rg7+ Kf8 39. Raf7+ Ke8 40.
Ra7 Kf8 41. Raf7+ Ke8 42. Re7+ Kf8 43. Ref7+ 1/2-1/2

[Event "Titled Tue 24th Jun Late"]
[Site "chess.com INT"]
[Date "2025.06.24"]
[Round "5"]
[White "Ladan, Nicholas"]
[Black "Fuhrmann, Bahne"]
[Result "1-0"]
[BlackTitle "FM"]
[WhiteElo "2218"]
[BlackElo "2256"]
[WhiteFideId "30918855"]
[BlackFideId "16244842"]
[EventDate "2025.06.24"]

1. d4 Nf6 2. c4 c6 3. Nf3 d5 4. g3 g6 5. Bg2 dxc4 6. O-O Bg7 7. a4 O-O 8. Na3
Na6 9. Nxc4 Nb4 10. Qb3 a5 11. Bd2 Be6 12. Bxb4 axb4 13. Qxb4 Nd5 14. Qd2 b5 15.
axb5 cxb5 16. Nce5 Qb6 17. e3 b4 18. Nd3 Rxa1 19. Rxa1 Rc8 20. Nc5 Bg4 21. Ne5
Bxe5 22. Bxd5 Rd8 23. dxe5 Qxc5 24. Bxf7+ Kxf7 25. Qxd8 Qxe5 26. Qd4 Qf5 27. Qf4
e5 28. Qxf5+ Bxf5 29. Ra7+ Kf6 30. Rb7 1-0

[Event "Titled Tue 24th Jun Late"]
[Site "chess.com INT"]
[Date "2025.06.24"]
[Round "5"]
[White "Nalbandyan, Vahan"]
[Black "Khenkin, Igor"]
[Result "1-0"]
[WhiteTitle "CM"]
[BlackTitle "GM"]
[WhiteElo "2155"]
[BlackElo "2499"]
[WhiteFideId "13309439"]
[BlackFideId "4659600"]
[EventDate "2025.06.24"]

1. e4 c6 2. d4 d5 3. e5 a6 4. Nf3 Bg4 5. Bd3 e6 6. h3 Bxf3 7. Qxf3 c5 8. dxc5
Nd7 9. Qg3 Qc7 10. O-O Qxe5 11. Bf4 Qxb2 12. Nd2 Qa3 13. Bd6 Bxd6 14. cxd6 Ngf6
15. Rab1 b5 16. Rfe1 g6 17. Rxe6+ Kf8 18. Re7 Rd8 19. Rxf7+ Kxf7 20. Bxg6+ hxg6
21. Qxa3 1-0